000
00266nam a2200109Ia 4500
001
588741
005
20250717120837.0
008
250717s9999 xx 000 0 und d
245
0
_a
Z-1 KARACAOĞLAN
_c
DUHTER BAYRAKTAR
260
_b
ERDEM YAYINLARI
_c
2018
300
_b
90
999
_c
588741
_d
588741